François de Curel (Record no. 114516)

MARC details
000 -LEADER
campo de control de longitud fija 00794nam a2200217 i 4500
001 - NÚMERO DE CONTROL
campo de control 114516
003 - IDENTIFICADOR DE NÚMERO DE CONTROL
campo de control ES-MaACL
007 - CAMPO FIJO DE DESCRIPCIÓN FÍSICA--INFORMACIÓN GENERAL
campo de control de longitud fija t|
008 - DATOS DE LONGITUD FIJA--INFORMACIÓN GENERAL
campo de control de longitud fija 070307s1931 fr ||||1| fre d
100 1# - ENTRADA PRINCIPAL--NOMBRE DE PERSONA
Nombre de persona Gilbert de Voisins, Auguste.
9 (RLIN) 56923
245 10 - MENCIÓN DEL TÍTULO
Título François de Curel
Resto del título : fauteuil XII /
Mención de responsabilidad, etc. par Gilbert de Voisins, suivi de Pages inédites [de François de Curel] et de L'histoire du XIIe fauteuil [par Jacques des Gachons].
260 ## - PUBLICACIÓN, DISTRIBUCIÓN, ETC.
Lugar de publicación, distribución, etc. Paris :
Nombre del editor, distribuidor, etc. Félix Alcan,
Fecha de publicación, distribución, etc. 1931.
300 ## - DESCRIPCIÓN FÍSICA
Extensión 104 p. ;
Dimensiones 19 cm.
490 1# - MENCIÓN DE SERIE
Mención de serie Les Quarante ;
Designación de volumen o secuencia fauteuil 12
600 14 - PUNTO DE ACCESO ADICIONAL DE MATERIA--NOMBRE DE PERSONA
Nombre de persona Curel, François de.
9 (RLIN) 42204
610 04 - PUNTO DE ACCESO ADICIONAL DE MATERIA--NOMBRE DE ENTIDAD CORPORATIVA
Nombre de entidad corporativa o nombre de jurisdicción como elemento de entrada Académie française-
Subdivisión de forma Historia
9 (RLIN) 1234
700 1# - ENTRADA AGREGADA--NOMBRE PERSONAL
Nombre de persona Des Gachons, Jacques.
9 (RLIN) 43811
830 0# - PUNTO DE ACCESO ADICIONAL DE SERIE-TÍTULO UNIFORME
Título uniforme Les Quarante ;
Designación de volumen o secuencia fauteuil 12
9 (RLIN) 184582
852 ## - LOCALIZACIÓN
Ubicación ES-MaACL
Número de control de estantería C-6874
Holdings
Estatus retirado Estado de pérdida Estado de daño No para préstamo Biblioteca de origen Biblioteca actual Ubicación en estantería Fecha de adquisición Fuente de adquisición Total de préstamos Signatura topográfica completa Código de barras Visto por última vez Precio de reemplazo Tipo de ítem Koha
        Biblioteca del Ateneo de Madrid Biblioteca del Ateneo de Madrid Sala Palomar 17/01/2008     C-6874 1119425 23/02/2023 23/02/2023 Libro impreso